00992nam a2200241 a 450000100060000000300080000600500170001400800410003103500200007204000350009204100080012708200310013510000540016624501170022026000410033730000330037850400420041165000600045365100600051394200120057399900170058595201480060260167BD-RjUL20211209080818.0161228s1984 ii bd b 001 0 eng d a(BD-RjUL) 60291 aBD-RjULbengcBD-RjULdBD-RjUL aeng 223a307.14095493bPAD 19841 aPachauri, S. K.q(Surendra Kumar),d1944-917911910aDynamics of rural development in tribal areas :ba study of Srikakulam District, Andhra Pradesh /cS.K. Pachauri aNew Delhi :bConcept Pub. Co,cc1984 axiv, 262 p. :bill. ;c23 cm aBibliography: p. [248]-255 and index. 0aRural developmentzIndiazSrikakulam (District)9179120 0aSrikakulam (India : District)xScheduled tribes9179121 2ddccBK c60167d60167 00102ddc40718NFICaRUCLbRUCLcReadingd1989-04-29eKarim Int. g120.00l0o307.14095493 PAD 1984r2016-12-28 00:00:00tC-1w2021-12-09yBK